000 02569nam0a2200349 4500
001 RU\NLR\BIBL_A\016232681
005 20250902112954.0
010 _a978-5-906619-89-1
_9500
021 _aRU
_bКН-П-22-080467
_9КН-П-22-7058
035 _a(NLR Aleph) 016232681
035 _a(RuMoRGB)011373012
090 _a12772043
_c12772043
100 _a20221208d2022 k y0rusy50 ca
101 0 _arus
102 _aRU
105 _aa|||z|||000zy
181 0 _ai
_baxxe
182 0 _an
200 1 _aФормирование функциональной грамотности обучающихся в процессе изучения математики
_eмонография
_fИ. В. Кузнецова
_gФедеральное государственное бюджетное образовательное учреждение высшего образования "Ярославский государственный педагогический университет имени К. Д. Ушинского"
203 _aТекст
_bвизуальный
_cнепосредственный
210 _aЯрославль
_aКоряжма
_cГазета "Успешная"
_d2022
215 _a183 с.
_cил.
_d21
320 _aБиблиогр.: с. 165-169 (40 назв.)
330 _aВ монографии представлены методические основы формирования, оценки и анализа функциональной грамотности обучающихся в процессе изучения школьной математики, предложены методические материалы. Для преподавателей высшей школы и учреждений дополнительного профессионального образования. Представляет интерес для студентов педагогических направлений, учителей школ
606 1 _aШкольники
_xФормирование общих умений коммуникации
_2nlr_sh2
_3RU\NLR\AUTH\661491684
606 1 _aМатематика
_xПреподавание
_xСредняя школа
_2nlr_sh2
_3RU\NLR\AUTH\66662481
686 1 _aЧ426.24-35
700 1 _aКузнецова
_bИ. В.
_cканд. пед. наук, математика
_f1970-
_gИрина Викторовна
_3RU\NLR\AUTH\7754947
_4070
942 _cBOOK
980 _aNB